Steels : (Record no. 20201)
[ view plain ]
| 000 -LEADER | |
|---|---|
| fixed length control field | 01156cam a22003135a 4500 |
| 001 - CONTROL NUMBER | |
| control field | 14644877 |
| 005 - DATE AND TIME OF LATEST TRANSACTION | |
| control field | 20151001111236.0 |
| 008 - FIXED-LENGTH DATA ELEMENTS--GENERAL INFORMATION | |
| fixed length control field | 061124s2006 enka frb 001 0 eng d |
| 020 ## - INTERNATIONAL STANDARD BOOK NUMBER | |
| International Standard Book Number | 0750680849 |
| 020 ## - INTERNATIONAL STANDARD BOOK NUMBER | |
| International Standard Book Number | 9780750680844 |
| 040 ## - CATALOGING SOURCE | |
| Original cataloging agency | UKM |
| Transcribing agency | UKM |
| Modifying agency | BAKER |
| -- | BWKUK |
| -- | YDXCP |
| -- | OCLCQ |
| -- | UMC |
| -- | DLC |
| -- | EG-ScBUE |
| Language of cataloging | eng |
| 050 00 - LIBRARY OF CONGRESS CALL NUMBER | |
| Classification number | TN693.I7 |
| Item number | H65 2006 |
| 082 04 - DEWEY DECIMAL CLASSIFICATION NUMBER | |
| Edition number | 22 |
| Item number | BHA |
| Classification number | 669.96142 |
| 100 1# - MAIN ENTRY--PERSONAL NAME | |
| Personal name | Bhadeshia, H. K. D. H. |
| Fuller form of name | (Harshad Kumar Dharamshi Hansraj), |
| Dates associated with a name | 1953- |
| 9 (RLIN) | 38456 |
| 245 10 - TITLE STATEMENT | |
| Title | Steels : |
| Remainder of title | microstructure and properties / |
| Statement of responsibility, etc | H. K. D. H. Bhadeshia and Robert Honeycombe. |
| 250 ## - EDITION STATEMENT | |
| Edition statement | 3rd ed. |
| 260 ## - PUBLICATION, DISTRIBUTION, ETC. (IMPRINT) | |
| Place of publication, distribution, etc | Oxford ; |
| -- | Burlington : |
| Name of publisher, distributor, etc | Butterworth-Heinemann / Elsevier, |
| Date of publication, distribution, etc | 2006. |
| 300 ## - PHYSICAL DESCRIPTION | |
| Extent | xi, 344 p. : |
| Other physical details | ill. ; |
| Dimensions | 24 cm. |
| 500 ## - GENERAL NOTE | |
| General note | Previous ed.: London : Edward Arnold, 1995. Primary author, Honeycombe. |
| 500 ## - GENERAL NOTE | |
| General note | Index : p. 335-344. |
| 504 ## - BIBLIOGRAPHY, ETC. NOTE | |
| Bibliography, etc | Includes bibliographical references. |
| 650 #0 - SUBJECT ADDED ENTRY--TOPICAL TERM | |
| Topical term or geographic name as entry element | Steel. |
| Source of heading or term | BUEsh |
| 650 #0 - SUBJECT ADDED ENTRY--TOPICAL TERM | |
| Topical term or geographic name as entry element | Steel |
| General subdivision | Metallurgy. |
| Source of heading or term | BUEsh |
| 9 (RLIN) | 12889 |
| 650 #0 - SUBJECT ADDED ENTRY--TOPICAL TERM | |
| Topical term or geographic name as entry element | Steel |
| General subdivision | Metallography. |
| Source of heading or term | BUEsh |
| 651 ## - SUBJECT ADDED ENTRY--GEOGRAPHIC NAME | |
| Source of heading or term | BUEsh |
| 653 ## - INDEX TERM--UNCONTROLLED | |
| Resource For college | Engineering, General |
| Arrived date list | July2015 |
| -- | October2015 |
| 700 1# - ADDED ENTRY--PERSONAL NAME | |
| Personal name | Honeycombe, R. W. K. |
| Fuller form of name | (Robert William Kerr) |
| 942 ## - ADDED ENTRY ELEMENTS (KOHA) | |
| Source of classification or shelving scheme | Dewey Decimal Classification |
| Withdrawn status | Lost status | Source of classification or shelving scheme | Damaged status | Not for loan | Koha collection | Home library | Current library | Shelving location | Date acquired | Source of acquisition | Cost, normal purchase price | Serial Enumeration / chronology | Total Checkouts | Total Renewals | Full call number | Barcode | Date last seen | Date last borrowed | Cost, replacement price | Koha item type |
|---|---|---|---|---|---|---|---|---|---|---|---|---|---|---|---|---|---|---|---|---|
| Dewey Decimal Classification | Baccah | Central Library | Central Library | First floor | 05/07/2015 | Purchase | 626.00 | 22696 | 2 | 20 | 669.96142 BHA | 000039248 | 15/07/2025 | 22/12/2021 | 783.00 | Book - Borrowing |